[Event "Tata Steel"]
[Site "Wijk aan Zee 73"]
[Date "2011.01.23"]
[Round "8"]
[White "Carlsen, Magnus"]
[Black "Nakamura, Hikaru"]
[Result "1-0"]
[WhiteElo "2814"]
[BlackElo "2751"]
[Annotator "JvR"]
[PlyCount "73"]
[EventDate "2011.01.??"]
[EventCountry "NED"]

1. e4 c5 2. Nf3 d6 3. d4 cxd4 4. Nxd4 Nf6 5. Nc3 a6 6. Be2 e5 7. Nb3 Be7 8. Be3
O-O 9. g4 Be6 10. g5 Nfd7 11. h4 Nb6 12. Qd2 N8d7 13. f4 exf4 14. Bxf4 Ne5 15.
O-O-O Rc8 16. Kb1 Qc7 17. h5 $5 {White has the initiative.} Rfe8 $5 18. Ka1 $5
Bf8 $6 ({Preferable is} 18... Nbc4 19. Bxc4 Nxc4 {(Stohl).}) 19. Nd4 Qc5 $6 (
19... Nec4 $5 20. Bxc4 Nxc4 21. Qd3 Qb6 22. Bc1 $1 {also favours White 
(Kovacevic).}) 20. g6 $1 {A crushing charge happens.} Nec4 $6 (20... h6 $5 21.
Qe1 Nbc4 22. Qg3 f6 {defends well.}) 21. Bxc4 Nxc4 22. Qd3 fxg6 (22... h6 $5
23. gxf7+ Bxf7 {offers more resistance.}) 23. hxg6 h6 24. Qg3 Qb6 25. Bc1 Qa5
$5 26. Rdf1 $5 Ne5 (26... Qe5 $1 27. Qd3 $1 {continues the attack.}) 27. Nd5
Bxd5 28. exd5 Qxd5 29. Bxh6 $1 gxh6 30. g7 $1 Be7 ({The pointe is} 30... Bxg7
31. Nf5 $1 Rc7 32. Nxh6+ Kh7 33. Ng4+ Kg8 34. Nf6+ {(Stohl).}) 31. Rxh6 Nf7 32.
Qg6 $1 Nxh6 33. Qxh6 Bf6 34. Qh8+ Kf7 35. g8=Q+ Rxg8 36. Qxf6+ Ke8 37. Re1+ {
White delivers mate in one. Nakamura and Carlsen led by half-a-point on
Carlsen, Aronian, Kramnik and Vachier Lagrave.} 1-0

[Event "Tata Steel"]
[Site "Wijk aan Zee 73"]
[Date "2011.01.23"]
[Round "8"]
[White "Giri, Anish"]
[Black "Wang Hao"]
[Result "1-0"]
[WhiteElo "2686"]
[BlackElo "2731"]
[Annotator "JvR"]
[PlyCount "83"]
[EventDate "2011.01.??"]
[EventCountry "NED"]

1. d4 d5 2. c4 c6 3. Nc3 Nf6 4. e3 a6 5. Nf3 e6 6. b3 Bb4 7. Bd2 Nbd7 8. Bd3
O-O 9. O-O Bd6 10. Re1 dxc4 $5 ({Theory is} 10... e5) ({My preference has} 
10... b5 $1) 11. bxc4 b6 12. Rb1 Qc7 13. a4 a5 14. Ne4 Nxe4 15. Bxe4 Bb7 16.
Qc2 h6 17. Bc3 Rab8 18. Red1 Ba6 19. Bh7+ $1 Kh8 20. Bd3 f5 $5 21. g3 Bb4 $2 (
21... Be7 $1 {prevents Nh4.}) 22. Bxb4 (22. Nh4 $5 Rf6 23. d5 {attacks 
(Moradiabiadi).}) 22... axb4 23. Rxb4 c5 24. Rbb1 cxd4 25. exd4 {White has
grabbed a pawn.} Bb7 26. d5 $1 Nc5 27. Bf1 Rbd8 28. Bg2 Rf6 29. Nd4 exd5 30.
Nb5 Qf7 31. cxd5 f4 $5 32. a5 $1 Rc8 $2 (32... f3 $1 33. Bf1 Rxd5 34. axb6 Qf8
{offers more resistance.}) 33. Na7 $1 Rf8 34. Rxb6 fxg3 35. Rxf6 Qxf6 (35...
gxh2+ 36. Kh1 Qxf6 37. Qxc5 {costs a piece.}) 36. hxg3 Nd7 37. Nc6 Qd6 38. Re1
Ba6 39. Qc3 Nc5 40. Ne5 Kg8 41. Ng6 Rf6 42. Nf4 {The Dutch audience liked the
success of the 17-years-old Giri.} 1-0

[Event "Tata Steel"]
[Site "Wijk aan Zee 73"]
[Date "2011.01.25"]
[Round "9"]
[White "Aronian, Levon"]
[Black "Shirov, Alexei"]
[Result "1-0"]
[WhiteElo "2805"]
[BlackElo "2722"]
[Annotator "JvR"]
[PlyCount "105"]
[EventDate "2011.01.??"]
[EventCountry "NED"]

1. d4 d5 2. c4 c6 3. Nf3 Nf6 4. Nc3 e6 5. Bg5 Nbd7 6. e3 Qa5 7. cxd5 Nxd5 8.
Qd2 Bb4 9. Rc1 h6 10. Bh4 c5 11. Bc4 cxd4 $5 ({Known is} 11... N7b6) 12. Qxd4
$1 Bxc3+ 13. bxc3 O-O 14. O-O N5b6 $6 {The black pieces hinder each other.} ({
Better is} 14... N5f6 $5 15. Bg3 b5) 15. Bb3 Re8 16. Rfd1 Qh5 $5 17. Bg3 $5 e5
$1 18. Qb4 e4 19. Ne1 a5 20. Qd4 Nc5 21. Rb1 Nxb3 22. Qxb6 Nc5 23. c4 Be6 $1 {
He liberates his position.} 24. Rd5 $1 Bxd5 25. Qxc5 Red8 26. cxd5 Qxd5 27. Qc2
{The chances are almost equal.} b5 28. Qb2 b4 29. Be5 Qd2 $5 30. Qa1 ({The
pointe is} 30. Bxg7 Qxb2 31. Bxb2 Rd2 $1) 30... Qe2 31. Bd4 Rab8 32. h3 f6 33.
Rb2 Qb5 34. Qb1 Qd5 35. Qd1 Rbc8 36. Rd2 Qe6 37. Kh2 Rd7 38. g3 Rdc7 39. Bb2 $5
Qxa2 $1 40. Be5 Qxd2 $6 ({Better is} 40... Rc1 $1 41. Qxc1 Rxc1 42. Rxa2 fxe5
43. Rxa5 $1 Rxe1 44. Rb5 Rb1 45. Rxe5 b3 46. Rxe4 Rf1 47. Rb4 Rxf2+ 48. Kg1 Rb2
49. Rb7 $1 {drawn (Krasenkow).}) 41. Qxd2 fxe5 42. Qd5+ Rf7 43. Kg2 Rcf8 44. h4
Kh8 45. Qxe4 Rxf2+ 46. Kh3 b3 47. Nd3 b2 $1 48. Qb7 $1 (48. Nxf2 Rxf2 {draws.})
48... R8f7 $2 ({Correct is} 48... a4 $1 49. Nxb2 a3 50. Nd3 a2 $1 51. Qa6 Rd2
52. Nxe5 {(Krasenkow)} Kh7 $1 {and Black escapes.}) 49. Qb5 a4 50. Nxb2 a3 51.
Nd3 Rf1 52. Qa4 Rh1+ 53. Kg4 {Aronian, Anand, Kramnik and Nakamura shared the
lead.} 1-0

[Event "Tata Steel"]
[Site "Wijk aan Zee 73"]
[Date "2011.01.25"]
[Round "9"]
[White "Nepomniachtchi, Ian"]
[Black "Smeets, Jan"]
[Result "0-1"]
[WhiteElo "2733"]
[BlackElo "2662"]
[Annotator "JvR"]
[PlyCount "132"]
[EventDate "2011.01.??"]
[EventCountry "NED"]

1. d4 d5 2. c4 c6 3. Nc3 Nf6 4. e3 e6 5. Nf3 Nbd7 6. Qc2 Bd6 7. Bd3 O-O 8. O-O
dxc4 9. Bxc4 a6 10. Rd1 b5 11. e4 $5 {He makes an entertaining move.} ({Usual
is} 11. Be2) 11... bxc4 12. e5 Qc7 $5 13. exd6 Qxd6 14. Bg5 a5 15. Bxf6 Nxf6
16. Na4 {White occupies c5.} Ba6 17. Nc5 Rfb8 18. Rac1 h6 19. a3 $6 (19. Ne5 $1
{gains a plus.}) 19... Nd7 $1 20. Ne4 Qd5 21. Nc3 Qf5 22. Qe2 $5 Qf4 23. Rc2
Rd8 24. Rcd2 Rab8 25. g3 Qc7 26. Qe3 Bb7 27. Ne5 Nxe5 28. Qxe5 Qxe5 29. dxe5
Rxd2 30. Rxd2 c5 {The extra pawn has little value in the endgame.} 31. f4 g5
32. Kf2 gxf4 33. gxf4 Bc6 34. Ke3 Kf8 35. Rd6 Be8 36. Rd2 Bc6 37. h4 $5 {He
should accept the repetition.} Ke7 38. Rd6 Bh1 39. Na4 $6 ({Preferable is} 39.
Ra6 Rxb2 40. Rxa5) 39... Rb3+ 40. Kd2 Rf3 41. Nxc5 $2 (41. Ra6 $1 Rxf4 42. Rxa5
Rxh4 43. Rxc5 {brings drawing chances (Krasenkow).}) 41... Rxf4 42. Ra6 Rxh4
43. Rxa5 h5 $1 {Black has a decisive advantage.} 44. Ke3 Rh2 $5 45. Ra7+ Kf8
46. Rc7 ({Or} 46. Nd7+ Kg7 47. Nf6 Kg6 $1) 46... Rxb2 47. Nd7+ Kg7 48. Rxc4
Rb3+ 49. Kf2 Rxa3 50. Rh4 Bc6 51. Nf6 Rf3+ 52. Ke2 Rf5 53. Nxh5+ Kg6 54. Ng3
Rxe5+ 55. Kf2 Ra5 56. Rg4+ Kf6 57. Rg8 Ra2+ 58. Ke3 Ke5 59. Rc8 Ra3+ 60. Kf2
Bd5 61. Nf1 Ra2+ 62. Ke3 f5 63. Nd2 f4+ 64. Ke2 Kd4 65. Rf8 e5 66. Ke1 e4 {The
Dutchman scored a fine victory.} 0-1

[Event "Tata Steel"]
[Site "Wijk aan Zee 73"]
[Date "2011.01.26"]
[Round "10"]
[White "Carlsen, Magnus"]
[Black "Nepomniachtchi, Ian"]
[Result "0-1"]
[WhiteElo "2814"]
[BlackElo "2733"]
[Annotator "JvR"]
[PlyCount "132"]
[EventDate "2011.01.??"]
[EventCountry "NED"]

1. e4 c5 2. Nf3 d6 3. d4 cxd4 4. Nxd4 Nf6 5. Nc3 a6 6. Be2 e5 7. Nb3 Be7 8. O-O
O-O 9. Kh1 Nc6 10. f4 b5 11. Be3 Bb7 12. a4 exf4 13. Rxf4 Ne5 14. Qd4 Nc6 15.
Qd2 Ne5 16. Qd4 Nc6 17. Qd2 Ne5 18. axb5 axb5 19. Re1 $5 (19. Rxa8 Qxa8 {drew
in Mberggren - Juggernaut, internet 2007.}) 19... Ng6 20. Rff1 b4 21. Nd5 Nxe4
$5 {Black shows ambition.} 22. Nxe7+ Qxe7 23. Qxb4 Nh4 {He tries to start an
attack.} 24. Bf3 Nxf3 25. gxf3 Qd7 $1 26. Bf4 $1 ({The pointe is} 26. fxe4 Ra4
$1) 26... Ra4 27. Qb6 Nf6 $5 28. Qxd6 Qg4 $1 {Black keeps the initiative.} 29.
Nd4 Rxd4 30. Qxd4 Bxf3+ 31. Rxf3 Qxf3+ 32. Kg1 Qg4+ 33. Kh1 Qc8 {He makes an
effort to win.} 34. Qf2 Qb7+ 35. Kg1 Ne4 36. Qd4 Re8 37. Re2 $5 h6 $1 38. h3 $5
Re6 39. Kh2 f5 $5 40. b4 $2 {White misses a useful restriction.} (40. Qc4 $1
Qf7 41. Qd5 {applies a pin (Nepomniachtchi).}) 40... Kh7 $1 41. Re3 Rg6 $5 42.
Re2 $5 Qb5 43. Re1 $5 Rc6 $5 {Black hesitates.} 44. Rxe4 $5 fxe4 45. Qxe4+ Rg6
46. Bg3 Qd7 $1 47. h4 h5 48. c4 $5 Qd2+ 49. Kh3 Qc3 50. Qf4 Qxb4 51. Qf5 Qxc4
52. Qxh5+ Rh6 {The simplification has led to a won ending.} 53. Qf3 Qe6+ 54.
Kh2 Rf6 55. Qd3+ Rf5 56. Qc2 Qd5 57. Bf2 Kh6 58. Be3+ Kg6 59. Bf2 Kf6 60. Bg3
Rf1 61. Bf2 Rd1 62. Qc3+ Qe5+ 63. Qxe5+ Kxe5 {The rest is easy.} 64. h5 Kf6 65.
Bh4+ Kf5 66. Be7 Rd7 {Carlsen was out of the race for the first place. Anand
and Nakamura joined the lead.} 0-1

[Event "Tata Steel"]
[Site "Wijk aan Zee 73"]
[Date "2011.01.28"]
[Round "11"]
[White "Kramnik, Vladimir"]
[Black "Carlsen, Magnus"]
[Result "0-1"]
[WhiteElo "2784"]
[BlackElo "2814"]
[Annotator "JvR"]
[PlyCount "170"]
[EventDate "2011.01.??"]
[EventCountry "NED"]

1. d4 Nf6 2. c4 e6 3. g3 Bb4+ 4. Bd2 Bxd2+ 5. Qxd2 d5 6. Bg2 Nbd7 7. Nf3 c6 8.
O-O b6 9. Rc1 O-O 10. cxd5 cxd5 11. Na3 Bb7 $5 (11... Ba6 {drew in Nogueiras -
Andersson, Sarajevo 1985.}) 12. Nb5 a6 13. Nd6 Qb8 14. Qb4 a5 15. Qa3 Ba6 16.
Ne5 b5 17. Qxa5 $2 {White makes a positional error.} Qxd6 18. Rc6 Qb8 19. Rxa6
Rxa6 20. Qxa6 Nxe5 21. dxe5 Qxe5 22. Qxb5 Rb8 23. Qd3 Rxb2 {Black has an edge.}
24. Qe3 $5 {Kramnik sacrifices a pawn for a run by the a-pawn.} Qxe3 25. fxe3
Rxe2 26. a4 Rc2 27. a5 Rc7 28. a6 Ra7 29. Bf1 Kf8 30. Rb1 Ke7 31. Rb7+ $1 Rxb7
32. axb7 Nd7 {Carlsen can play for a win in the knight versus bishop ending.}
33. Kf2 Kd6 34. Bb5 Nb8 35. Be8 Ke7 36. Bb5 f6 37. Kf3 Kd6 38. Be8 Kc7 39. Bf7
Kxb7 40. Bxe6 Kc6 {Black has kept his extra pawn.} 41. Bg8 h6 42. Kg4 $5 Nd7
43. Kf5 Ne5 44. h3 $6 ({Slightly better is} 44. h4 $1 Kd6 45. h5 {(Müller).})
44... Kc5 45. g4 $6 {The pawns should not go to white squares.} Kd6 $1 46. Bh7
Ke7 47. Bg8 g6+ $1 48. Kf4 Nf7 49. Bh7 g5+ $5 50. Kg3 ({The pointe is} 50. Kf5
$4 Nd6+ 51. Kg6 Nc4) 50... Nd6 51. Bg8 Ne4+ 52. Kg2 Kd6 {The king goes
forwards again.} 53. Kf3 Kc5 54. Bh7 Nc3 55. Bd3 Kb4 56. Ba6 Kb3 57. Bb7 $2 (
57. Bd3 $1 Kb2 58. Kf2 Kc1 59. Ke1 {stops the black king.}) 57... Kc2 58. Ba6
Kd1 59. Bb7 $6 ({Or} 59. Bc8 $5 Kd2 60. Bb7 Kc1 $1 61. Bc8 Kd1 62. Bf5 Ke1 {
and the king penetrates (Müller).}) 59... Kd2 $3 {Zugzwang arises.} 60. Bc6 Ke1
$1 {The king can go further.} 61. Bb7 Kf1 62. Ba8 Kg1 63. Kg3 Ne4+ 64. Kf3 Nd2+
65. Kg3 Nf1+ 66. Kf3 Nd2+ 67. Kg3 Nc4 68. Bxd5 Nxe3 69. Bb7 Nf1+ 70. Kf3 Kh2
71. Kf2 Nd2 72. Bg2 Nc4 73. Bf1 Ne5 74. Ke3 Kg1 75. Be2 Kg2 $1 76. Ke4 Kxh3 77.
Kf5 Kh4 {The king ends the encircling manoeuvre.} 78. Bd1 Nc4 $1 79. Ke4 ({The
pointe is} 79. Kxf6 Ne3 80. Be2 Nxg4+ 81. Kg6 h5 82. Bd1 Ne3 $1 83. Bxh5 Ng4 $1
{and White is in zugzwang (Müller).}) 79... Nd6+ 80. Kd5 f5 $1 {Carlsen wins
beautifully.} 81. Kxd6 fxg4 82. Ke5 g3 83. Bf3 Kh3 84. Kf5 g2 85. Bxg2+ Kxg2 {
Kramnik was out of the race for the first place.} 0-1

[Event "Tata Steel"]
[Site "Wijk aan Zee 73"]
[Date "2011.01.28"]
[Round "11"]
[White "Nepomniachtchi, Ian"]
[Black "Nakamura, Hikaru"]
[Result "0-1"]
[WhiteElo "2733"]
[BlackElo "2751"]
[Annotator "JvR"]
[PlyCount "88"]
[EventDate "2011.01.??"]
[EventCountry "NED"]

1. e4 c6 2. d4 d5 3. e5 Bf5 4. h4 h5 5. c4 e6 6. Nc3 Ne7 7. Nge2 Bg4 $5 {This
novelty was suggested by Karpov.} 8. f3 Bf5 9. Ng3 Bg6 {It has become harder
for White to attack h5.} 10. Bg5 Qb6 11. Qd2 Nd7 12. a3 $6 {Square b3 become
available.} f6 13. Be3 Qb3 $1 14. cxd5 Nxd5 15. Nxd5 Qxd5 16. Rc1 Nb6 17. Ne2
$5 {Ian sacrifices a pawn.} (17. exf6 gxf6 18. Bd3 Bxd3 19. Qxd3 O-O-O {
favours Black (Nakamuru)..}) 17... fxe5 18. dxe5 Qxe5 19. Bd4 Qc7 20. Qg5 Bf5
21. g4 $2 hxg4 22. fxg4 Be4 $2 ({Nakamura misses} 22... Be7 $1 23. Qxg7 Rh7 24.
Qg8+ Kd7 25. Bxb6 Rxg8 26. Bxc7 Be4 $1) 23. Rh3 Be7 24. Qxg7 $2 (24. Qe3 Bd5
25. h5 Rf8 26. Nc3 {offers more resistance.}) 24... Rh7 25. Qe5 Qxe5 26. Bxe5
Bxh4+ 27. Ng3 Nd7 28. Bd4 $6 ({Preferable is} 28. Bc7 $5 Bg6 29. Bg2) 28... Bf3
$1 29. g5 Bg4 30. g6 Rh6 31. Rxh4 Rxh4 32. Rc3 Bf3 33. Rxf3 Rxd4 34. Bh3 Ne5
35. Rf6 Nd3+ 36. Ke2 Nf4+ 37. Ke3 e5 38. Rf7 Rd3+ 39. Ke4 Rxg3 40. Bd7+ Kd8 41.
Bf5 Nxg6 42. Rg7 Rb8 43. b4 b5 44. Bxg6 Rg5 {Nakamura took the sole lead by
this win.} 0-1

[Event "Tata Steel"]
[Site "Wijk aan Zee 73"]
[Date "2011.01.29"]
[Round "12"]
[White "Vachier Lagrave, Maxime"]
[Black "Nepomniachtchi, Ian"]
[Result "1-0"]
[WhiteElo "2715"]
[BlackElo "2733"]
[Annotator "JvR"]
[PlyCount "71"]
[EventDate "2011.01.??"]
[EventCountry "NED"]

1. d4 Nf6 2. c4 g6 3. Nc3 d5 4. Nf3 Bg7 5. e3 O-O 6. cxd5 Nxd5 7. Bc4 Nb6 8.
Bb3 c5 9. O-O cxd4 10. exd4 Nc6 11. d5 Na5 12. Re1 Bg4 13. h3 Bxf3 14. Qxf3 Re8
15. Be3 Bxc3 16. bxc3 Nxb3 17. Bxb6 Nd2 18. Qd3 Qxb6 19. Qxd2 Qc5 $5 (19...
Rac8 20. Rab1 Qc7 {drew in Aleksandrov - Melkumyan, Dubai 2009.}) 20. Re4 Rad8
21. c4 f5 $6 {Hereafter, White takes the initiative by a pawn sacrifice.} (
21... e5 $5 {takes no risk.}) 22. Re5 $1 Qxc4 23. Rc1 Qa6 $5 24. Rce1 Qd6 $2 (
24... e6 $1 25. Qe3 Rd6 26. dxe6 Qxa2 27. h4 {(Vachier Lagrave)} Qa4 $1 {leads
to an open battle.}) 25. h4 $1 Rd7 26. h5 $1 gxh5 $5 27. Rxf5 e5 28. Qg5+ Rg7
29. Qxh5 Rge7 (29... Qg6 $5 30. Qxg6 hxg6 31. Rfxe5 Rd8 {brings a minus pawn
in the double rook ending.}) 30. Qf3 $1 Rg7 31. Rf6 Qd8 32. d6 $1 e4 33. Qf5
Rd7 $5 34. Re3 $1 Rxd6 35. Rg3+ Kh8 36. Rg7 $1 {Nakamura and Anand drew their
games in the penultimate and last rounds, so the top did not change. The final
standings became: Nakamura 9/13, Anand 81/2, Aronian and Carlsen 8, Kramnik
and Vachier Lagrave 71/2, Giri and Ponomariov 61/2, Nepomniachtchi and Wong
Hao 6, Grischuk, L'Ami and Smeets 41/2, Shirov 4.} 1-0

[Event "Tata Steel B"]
[Site "Wijk aan Zee 73"]
[Date "2011.01.30"]
[Round "13"]
[White "Navara, David"]
[Black "McShane, Luke"]
[Result "1/2-1/2"]
[WhiteElo "2708"]
[BlackElo "2664"]
[Annotator "JvR"]
[PlyCount "114"]
[EventDate "2011.01.??"]
[EventCountry "NED"]

{Navara and McShane shared the lead, when the last round began. They battled
for victory in the B-group.} 1. d4 Nf6 2. c4 g6 3. g3 Bg7 4. Bg2 O-O 5. Nf3 d6
6. Nc3 Nc6 7. O-O Rb8 8. e3 e5 9. d5 Ne7 10. e4 Nd7 $5 11. b4 h6 $6 {Black
loses time.} ({Navara prefers} 11... f5 $5 12. Ng5 Nf6) 12. Be3 a6 13. Nd2 f5
14. f3 f4 15. Ba7 Ra8 16. Bf2 h5 17. c5 g5 18. Nc4 Nf6 19. cxd6 cxd6 20. Bb6
Qd7 21. Qa4 $6 {White keeps the initiative, despite the exchange of queens.}
Qxa4 22. Nxa4 Bd7 23. Nab2 Nc8 24. Rac1 Rf7 $5 25. Bd8 Rf8 26. Bc7 Ne8 27. Nb6
Nxb6 28. Bxb6 Bf6 {Black defends passively.} 29. Nc4 h4 30. g4 $5 Bb5 31. Rf2
Bxc4 32. Rxc4 Bd8 33. Bxd8 Rxd8 {White controls the open file.} 34. Bf1 Rf7 35.
Rfc2 Kf8 36. a4 Rdd7 37. Rc8 Rc7 38. R2xc7 Rxc7 39. Rb8 $1 {The last winning
attempt.} Ke7 40. b5 axb5 41. axb5 Nf6 42. b6 Rc1 $1 43. Rxb7+ {He has gained
a pawn temporarily.} Nd7 44. Rc7 Rb1 45. b7 Kd8 46. Rc8+ Ke7 47. Rg8 Kf7 $1 48.
b8=R ({The pointe is} 48. Rxg5 Nf6 49. Rf5 Kg6 {drawn (Navara).}) 48... Rxb8
49. Rxb8 Nxb8 50. Bb5 Ke7 51. Kf2 Kd8 52. Ke2 Kc7 53. Kd3 Kb6 54. Kc4 Ka5 55.
h3 Na6 56. Bxa6 Kxa6 57. Kb4 Kb6 {McShane won the B-group on tiebreak. He
would not play in the A-group in 2012, because he got a full-time job. Navara
did participate.} 1/2-1/2

[Event "Tata Steel"]
[Site "Wijk aan Zee 74"]
[Date "2012.01.14"]
[Round "1"]
[White "Gelfand, Boris"]
[Black "Giri, Anish"]
[Result "0-1"]
[WhiteElo "2739"]
[BlackElo "2714"]
[Annotator "JvR"]
[PlyCount "140"]
[EventDate "2012.01.??"]
[EventCountry "NED"]

{The seventy-fourth tournament was played in Wijk aan Zee from 14 until 29 i
2012.} 1. Nf3 d5 2. d4 Nf6 3. c4 c6 4. Qb3 dxc4 5. Qxc4 Bg4 6. Nc3 Nbd7 7. Bf4
Nb6 8. Qd3 Bxf3 $5 ({Known is} 8... Nbd5) 9. gxf3 Nfd5 10. Be5 $2 {Black will
win material.} ({Preferable is} 10. Nxd5 Nxd5 11. Bd2 {(Krasenkow).}) 10... f6
11. Bg3 Nb4 12. Qb1 ({The pointe is} 12. Qd1 $6 Qxd4 $1) 12... Qxd4 {Black has
gained a pawn.} 13. Bh3 e5 14. O-O Be7 15. Rd1 Qc4 16. e3 Qf7 17. f4 exf4 18.
Bxf4 O-O 19. a3 N4d5 20. Nxd5 Nxd5 21. Bg3 f5 22. e4 fxe4 23. Qxe4 Nf6 24. Qe5
Kh8 25. Re1 Bd8 26. Be6 Qg6 27. Qf5 Qxf5 28. Bxf5 Nd5 29. Be4 Bf6 30. Re2 Nb6
31. Rc1 Rfe8 32. f3 a5 33. b4 $6 {He weakens the a-file.} axb4 34. axb4 Nd5 35.
Be1 Nf4 $5 36. Rec2 Nh3+ 37. Kg2 Ng5 38. Re2 $5 Nxe4 39. fxe4 Rad8 40. b5 cxb5
41. Rb1 Rd5 $5 42. Bg3 Rc5 43. Bd6 Rg5+ 44. Kf3 Re6 45. Bf4 Rc5 46. e5 g5 47.
exf6 Rxf6 48. Re7 $6 (48. Rb4 $5 Rcf5 49. Kg3 gxf4+ 50. Kf3 {offers more
resistance.}) 48... Rxf4+ 49. Kg2 Rg4+ 50. Kf3 Rh4 $6 51. Rd1 $1 Rc8 52. Kg3 $6
(52. Rxb7 $1 Rxh2 53. Kg4 b4 54. Kxg5 Rg8+ 55. Kf4 {nears a draw.}) 52... b6
53. Rb7 Rb4 54. Rxb6 Rc7 55. h4 $5 gxh4+ 56. Kh3 Kg7 57. Rd3 Kf7 58. Re3 Kg7
59. Rf3 Rf7 60. Rd3 Rf6 61. Rb8 Rc6 62. Rf3 Kh6 63. Rb7 Kg6 64. Rb8 Rc5 65.
Rg8+ Kh5 66. Rg7 h6 67. Rg1 Rd4 68. Kh2 b4 69. Rg8 Rc2+ 70. Kh3 Rc3 {Young
Giri started with a win against the challenger of the world champion.} 0-1

[Event "Tata Steel"]
[Site "Wijk aan Zee 74"]
[Date "2012.01.15"]
[Round "2"]
[White "Aronian, Levon"]
[Black "Nakamura, Hikaru"]
[Result "1-0"]
[WhiteElo "2805"]
[BlackElo "2759"]
[Annotator "JvR"]
[PlyCount "117"]
[EventDate "2012.01.??"]
[EventCountry "NED"]

1. d4 f5 2. g3 Nf6 3. Bg2 g6 4. Nf3 Bg7 5. O-O O-O 6. c4 d6 7. Nc3 c6 8. Qb3
Kh8 9. Rd1 Na6 10. Qa3 Nc7 11. d5 c5 12. b4 $5 ({Known is} 12. Rb1) 12... cxb4
13. Qxb4 Na6 14. Qb1 Bd7 15. Nb5 Rc8 16. Nd2 Qb6 17. e3 Nc5 18. a4 Qa5 19. Ba3
a6 20. Bb4 Qd8 21. Nd4 Nxa4 $5 ({More solid is} 21... Nfe4) 22. Ne6 $1 Bxe6 23.
dxe6 Qe8 24. Bxb7 $5 Rb8 25. Bxa6 $5 {White delivers a positional sacrifice.} (
{The alternative is} 25. Qc2 Rxb7 26. Rxa4 {and Black has little advantage.})
25... Nc3 $1 26. Bxc3 $1 Rxb1 27. Rdxb1 {White has fine compensation for the
queen.} g5 28. Rb7 Ng8 29. Bxg7+ Kxg7 30. Rb5 Qg6 31. c5 dxc5 32. Rxc5 Qxe6 $5
33. Nf3 Qd6 34. Nd4 Kh8 35. Rc6 Qd7 36. Rac1 f4 37. Bc8 Qa7 38. Ne6 $1 {White
controls the central area.} Rf6 39. exf4 gxf4 40. Rc7 Qa4 $2 (40... Qb6 $1 41.
Nxf4 Rxf4 $1 42. gxf4 Qg6+ 43. Kf1 Qd3+ 44. Ke1 Qe4+ {leads to perpetual check.
}) 41. Nxf4 Rd6 42. Be6 Rd1+ 43. Rxd1 Qxd1+ 44. Kg2 Nf6 45. Rxe7 Qe1 46. Rf7
Qe4+ 47. f3 Qd4 48. Kh3 Qe5 $2 (48... Qb2 49. Bc4 Qc3 50. Ne6 h6 {tries to
survive.}) 49. Kh4 $1 {A strangulation starts.} Qd4 50. Bg4 Qe5 51. Ne6 h6 52.
Rf8+ Ng8 53. f4 Qb2 54. Kh3 Qa1 55. Bh5 Kh7 56. Rf7+ Kh8 57. Bg6 Nf6 58. Rf8+
Ng8 59. Bf7 {Aronian took the lead by 2/2.} 1-0

[Event "Tata Steel"]
[Site "Wijk aan Zee 74"]
[Date "2012.01.16"]
[Round "3"]
[White "Carlsen, Magnus"]
[Black "Aronian, Levon"]
[Result "1-0"]
[WhiteElo "2835"]
[BlackElo "2805"]
[Annotator "JvR"]
[PlyCount "135"]
[EventDate "2012.01.??"]
[EventCountry "NED"]

1. c4 e6 2. Nc3 d5 3. d4 Be7 4. cxd5 exd5 5. Bf4 c6 6. Qc2 Nf6 7. h3 g6 $5 {
Castling is usual.} 8. e3 Bf5 9. Qd2 $5 h5 $6 {Black prevents 10.g4.} 10. Bd3
$1 Bxd3 11. Qxd3 {H5 has become a slight weakness.} Nbd7 12. Nge2 $5 a5 13. O-O
O-O 14. f3 b5 $6 {Aronian weakens the queenside.} 15. e4 dxe4 16. fxe4 {White
occupies the centre.} Nc5 17. Qf3 Ne6 18. Be3 b4 $5 19. Nb1 $5 Nh7 20. Nd2 Rc8
21. Rad1 Bh4 22. g3 Bf6 23. Nc4 Bg7 24. b3 Qe7 $6 {He makes an opportunistic
move.} 25. Qg2 $5 (25. e5 $1 {gains more advantage.}) 25... Nc7 $5 26. Nxa5 $5
{Carlson has won a pawn.} Rfe8 27. e5 Nd5 28. Bd2 Red8 29. Nf4 Qa7 $2 ({
Correct is} 29... Qc7) 30. Nxc6 $1 Rxc6 31. Nxd5 Rc2 32. Kh1 Bf8 33. e6 $1 Qa8
({The pointe is} 33... fxe6 $2 34. Qe4 $1) 34. exf7+ $6 (34. e7 $1 {triumphs.})
34... Kh8 35. Nf4 Qxg2+ 36. Kxg2 $5 Rxd4 37. Rf2 Rd6 38. Bc1 $1 Rxf2+ 39. Kxf2
Rxd1 $1 40. Bb2+ $1 Nf6 $1 ({Not} 40... Bg7 $4 41. Nxg6#) 41. Bxf6+ Kh7 42. Ne6
Bd6 $1 43. Be5 Be7 44. f8=Q Bxf8 45. Nxf8+ Kh6 46. Ne6 $6 (46. Ke2 Rg1 47. Ne6
{wins more easily.}) 46... g5 $1 {Aronian fights back.} 47. h4 gxh4 48. gxh4
Kg6 49. Nd4 Rd3 $5 50. Nc6 Rd2+ 51. Ke3 Rxa2 52. Bd6 Ra1 53. Kd4 Rg1 $6 {Black
misses the best defence.} ({Better is} 53... Rh1 $1 54. Be7 Rh3 55. Ne5+ Kf5
56. Nd3 Rg3 57. Kc4 Rg4+ 58. Kb5 Rg3 59. Nc5 Rg4 60. Bd8 $1 Rd4 61. Bg5 Rg4 62.
Be7 $1 {White has achieved zugzwang by losing a tempo. The main line is} Rg7
63. Bd8 Rg8 64. Nb7 Kg4 65. Kc4 $1 Rxd8 66. Nxd8 Kxh4 67. Kd3 Kg3 68. Ke2 h4
69. Kf1 Kf3 70. Nc6 {and White wins (Shipov).}) 54. Kc5 Kf5 55. Nxb4 Rc1+ 56.
Kd4 Re1 57. Nc6 $1 Re4+ 58. Kd5 Rxh4 59. b4 Rh1 60. b5 Rb1 61. Nd4+ Kg4 62. Kc6
Rc1+ 63. Kd7 $1 Rb1 64. Kc7 h4 65. b6 Kh3 $5 66. b7 Kg2 67. Nf5 h3 68. Nh4+ $1
{Carlsen took the sole lead by 21/2/3.} 1-0